000 01203nam0a2200337 i 4500
001 RU\NLR\BIBL_A\011150026
005 20240727024643.0
010 _a9785990766433
_9100
021 _aRU
_b2016-44160
_92831
035 _a(NILC)RuMoRGB-008501469
035 _a(NLR Aleph) 011150026
090 _a11667541
_c11667541
100 _a20160610d2016 u y0rusy50 ca
101 0 _arus
102 _aRU
105 _aa|||z|||000yy
200 1 _aВерую в любовь
_eкнига стихов
_e[лирика]
_fГалина Гаряева
_g[предисл.: Эд Побужанский]
210 _aМосква
_cОбраз
_d2016
215 _a147 с.
_cил.
_d21
225 1 _aВдохновение
327 1 _aСодерж.: циклы: Растут стихи; Бабочки над картошкой; Сиреневый вечер; Звезда над пропастью
333 _a18+
675 _a821.161.1
686 2 _aШ6(2=Р)8-5
700 1 _aГаряева
_bГ. И.
_gГалина Игоревна
801 0 _aRU
_bРГБ
_c20160527
_gRCR
942 _cBOOK
980 _aNBR